000
00333nam a22001457a 4500
008
210305b ||||| |||| 00| 0 eng d
020
_a
9780070407732
041
_a
eng
080
_2
3th
_a
159.9
082
_2
3th
_a
159.9
100
_a
48
101
_a
PSI
245
_a
Experiencing Social Psychology
_c
Pines,M.A
942
_2
udc
_c
BK
999
_c
55882
_d
55882